[Event "St Petersburg Rapid Cup 2012"]
[Site "St Petersburg RUS"]
[Date "2012.10.06"]
[Round "7.1"]
[White "Alekseev, Evgeny"]
[Black "Zvjaginsev, V."]
[Result "1-0"]
[WhiteElo "2683"]
[BlackElo "2678"]
[PlyCount "69"]
[EventDate "2012.10.05"]
[SourceDate "1999.07.01"]

1. e4 e6 2. d4 d5 3. Nc3 Nf6 4. e5 Nfd7 5. f4 c5 6. Nf3 Nc6 7. Be3 cxd4 8. Nxd4
Bc5 9. Qd2 O-O 10. O-O-O Bxd4 11. Bxd4 Qa5 12. Kb1 Rb8 13. Nb5 Qxd2 14. Rxd2 a6
15. Nc3 b5 16. Bf2 Bb7 17. Bd3 Rbc8 18. Re1 Na5 19. Ne2 Nc4 20. Rdd1 Rc7 21. b3
Na3+ 22. Kb2 Nc4+ 23. Kc1 Na3 24. c3 b4 25. Kb2 a5 26. cxb4 axb4 27. Rc1 Rfc8
28. Rxc7 Rxc7 29. Rc1 Rxc1 30. Nxc1 Nb8 31. Bc5 Nc6 32. Ne2 f6 33. Nd4 fxe5 34.
Nxc6 Bxc6 35. fxe5 1-0

[Event "St Petersburg Rapid Cup 2012"]
[Site "St Petersburg RUS"]
[Date "2012.10.06"]
[Round "8.6"]
[White "Alekseev, Evgeny"]
[Black "Shimanov, A."]
[Result "1/2-1/2"]
[WhiteElo "2683"]
[BlackElo "2599"]
[PlyCount "61"]
[EventDate "2012.10.05"]
[SourceDate "1999.07.01"]

1. e4 e6 2. d4 d5 3. Nc3 Bb4 4. exd5 exd5 5. Bd3 Qf6 6. Nge2 Ne7 7. O-O Bf5 8.
Bf4 c6 9. Be5 Qh6 10. Bxf5 Nxf5 11. Qd3 Ne7 12. a3 Bd6 13. Ng3 Bxe5 14. dxe5
O-O 15. f4 f5 16. Nce2 Na6 17. Nd4 Qg6 18. b4 Nc7 19. Nge2 b6 20. Qc3 Rac8 21.
a4 Ne6 22. Nxe6 Qxe6 23. a5 c5 24. Qb3 Rc6 25. Rfd1 Rfc8 26. c3 Kf7 27. axb6
axb6 28. Ra7 R6c7 29. Ra6 Rc6 30. Ra7 R6c7 31. Ra6 1/2-1/2

[Event "Vladivostok Russian Cup 2012"]
[Site "Vladivostok RUS"]
[Date "2012.09.22"]
[Round "6.1"]
[White "Kokarev, Dm"]
[Black "Romanov, E."]
[Result "1/2-1/2"]
[WhiteElo "2604"]
[BlackElo "2590"]
[PlyCount "94"]
[EventDate "2012.09.17"]
[SourceDate "1999.07.01"]

1. e4 e6 2. d4 d5 3. Nc3 Bb4 4. e5 c5 5. a3 Bxc3+ 6. bxc3 Qa5 7. Bd2 Qa4 8. Qb1
c4 9. Nh3 Nc6 10. Nf4 Bd7 11. g3 O-O-O 12. Bh3 h5 13. O-O Nge7 14. Ng2 Rdg8 15.
Bg5 Ng6 16. f4 Nf8 17. f5 Nh7 18. Bd2 g5 19. fxg6 fxg6 20. Nf4 Ng5 21. Bg2 Ne4
22. Bxe4 dxe4 23. Nh3 Qa5 24. Qe1 Ne7 25. Qe2 Nf5 26. Qxc4+ Kb8 27. Ng5 e3 28.
Be1 Rc8 29. Qb3 Qa6 30. Rb1 Rc7 31. Rf4 Re8 32. d5 exd5 33. Qxd5 Bc6 34. Qd3
Qxa3 35. Rfb4 Qa5 36. Ne6 Rce7 37. Nf4 Rxe5 38. Nxg6 R5e6 39. Nf4 Rd6 40. Qe2
Qe5 41. Qxh5 e2 42. Bf2 Rd2 43. Re1 Rxc2 44. Rc4 Nd6 45. Qxe5 Rxe5 46. Rc5 Rxc5
47. Bxc5 Ne4 1/2-1/2

[Event "45th Biel Masters Open"]
[Site "Biel SUI"]
[Date "2012.08.01"]
[Round "9"]
[White "Saric, Iv"]
[Black "Bauer, Ch"]
[Result "1/2-1/2"]
[WhiteElo "2638"]
[BlackElo "2681"]
[PlyCount "98"]
[EventDate "2012.07.23"]
[SourceDate "1999.07.01"]

1. e4 e6 2. d4 d5 3. Nc3 Bb4 4. e5 c5 5. a3 Bxc3+ 6. bxc3 Qa5 7. Bd2 Qa4 8. Qb1
c4 9. Nh3 Nc6 10. Nf4 Bd7 11. Nh5 g6 12. Nf6+ Nxf6 13. exf6 O-O-O 14. Be2 Qa5
15. Qc1 Rde8 16. O-O Qd8 17. Bg5 h6 18. Bxh6 e5 19. Bg7 Rh7 20. dxe5 Rxe5 21.
Re1 Bf5 22. Bf1 Qc7 23. h3 Rh5 24. Rxe5 Nxe5 25. Qe3 Be4 26. Be2 Rh4 27. Qxa7
Bxc2 28. Qa8+ Qb8 29. Qa5 Qd6 30. Qb5 Re4 31. Bf1 Nd3 32. Ra2 Bb3 33. Re2 Qc5
34. Qxc5+ Nxc5 35. Bf8 Rxe2 36. Bxe2 Ne4 37. Bb4 d4 38. cxd4 c3 39. a4 c2 40.
Ba3 Nxf6 41. a5 Nd5 42. Kf1 Nc3 43. Ke1 Nxe2 44. Kxe2 Bc4+ 45. Kd2 Bf1 46. h4
Bxg2 47. Kxc2 Kd7 48. Kd3 Ke6 49. Ke3 Bd5 1/2-1/2

[Event "Turkish Bank Chess League 2012"]
[Site "Konya TUR"]
[Date "2012.07.18"]
[Round "8"]
[White "Iordachescu, V."]
[Black "Shimanov, A."]
[Result "1-0"]
[WhiteElo "2636"]
[BlackElo "2606"]
[PlyCount "75"]
[EventDate "2012.07.11"]
[SourceDate "1999.07.01"]
[WhiteTeam "Denizli Pamukkale Universitesi"]
[BlackTeam "Manisa T.S Alyans"]

1. e4 e6 2. d4 d5 3. Nc3 Bb4 4. e5 c5 5. a3 Bxc3+ 6. bxc3 Ne7 7. Nf3 b6 8. Bb5+
Bd7 9. Bd3 Ba4 10. O-O h6 11. Re1 c4 12. Be2 Kd7 13. Nd2 Qg8 14. Nf1 Qh7 15.
Ne3 Na6 16. Bf1 Nc7 17. g3 f5 18. exf6 gxf6 19. Bh3 h5 20. Qe2 Rae8 21. Ng2 Ng6
22. f3 h4 23. g4 Nb5 24. Be3 Kc6 25. Rac1 Qe7 26. Qd2 e5 27. Ra1 a5 28. dxe5
fxe5 29. f4 Nd6 30. Bf2 Qf7 31. Rab1 b5 32. Qe3 Qc7 33. Qc5+ Kb7 34. Qa7+ Kc6
35. Qa6+ Kd7 36. g5+ Ke7 37. fxe5 Ne4 38. Rxe4 1-0

[Event "Turkish Bank Chess League 2012"]
[Site "Konya TUR"]
[Date "2012.07.14"]
[Round "4"]
[White "Mamedov, Nid"]
[Black "Tiviakov, S."]
[Result "1/2-1/2"]
[WhiteElo "2601"]
[BlackElo "2675"]
[PlyCount "31"]
[EventDate "2012.07.11"]
[SourceDate "1999.07.01"]
[WhiteTeam "Mersin Ezgi"]
[BlackTeam "Istanbul Pera"]

1. e4 e6 2. d4 d5 3. Nc3 dxe4 4. Nxe4 Nd7 5. Nf3 Ngf6 6. Bd3 c5 7. O-O Nxe4 8.
Bxe4 Nf6 9. Bg5 cxd4 10. Qe2 Qb6 11. Bd3 Be7 12. Ne5 Bd7 13. f4 g6 14. Qf2 Nd5
15. Bxe7 Nxe7 16. Rae1 1/2-1/2

[Event "Turkish Bank Chess League 2012"]
[Site "Konya TUR"]
[Date "2012.07.16"]
[Round "6"]
[White "Kobalia, M."]
[Black "Solak, D."]
[Result "0-1"]
[WhiteElo "2677"]
[BlackElo "2589"]
[PlyCount "106"]
[EventDate "2012.07.11"]
[SourceDate "1999.07.01"]
[WhiteTeam "Ceyhan Belediye"]
[BlackTeam "Besiktas Jimnastik"]

1. e4 e6 2. d4 d5 3. Nc3 dxe4 4. Nxe4 Bd7 5. Nf3 Bc6 6. Bd3 Nd7 7. O-O Ngf6 8.
Ned2 Be7 9. Qe2 O-O 10. Rd1 Nd5 11. Ne4 Nb4 12. Bc4 Bd5 13. a3 Bxc4 14. Qxc4
Nd5 15. Qb3 Qc8 16. c4 N5f6 17. Nc3 Rd8 18. Bf4 Nf8 19. h3 Ng6 20. Be3 b6 21.
a4 Rb8 22. d5 exd5 23. cxd5 Qb7 24. Qc4 Qc8 25. Qb3 Qb7 26. Qc4 Rd7 27. Rd2
Rbd8 28. Rad1 a5 29. Qc6 Qxc6 30. dxc6 Rxd2 31. Rxd2 Rxd2 32. Bxd2 Bb4 33. Nd4
Bxc3 34. Bxc3 Nd5 35. Bd2 Kf8 36. g3 Ke7 37. f4 Kd6 38. Nf5+ Kxc6 39. Kf2 Kc5
40. b3 Nge7 41. Nxg7 Kd4 42. Ne8 Kd3 43. Be1 Kc2 44. b4 axb4 45. Bxb4 Nxb4 46.
Nxc7 Nbd5 47. Nb5 Kb3 48. Nd6 f6 49. Kf3 Kxa4 50. Kg4 b5 51. Kh5 b4 52. Kh6
Nf5+ 53. Nxf5 b3 0-1